000 00549nam a2200157 a 4500
008 120416s1999 ||||||||||||||||| || u
020 _a0521655773
050 _aQA 321.5 Bol
100 _aBollobas, Bela
245 1 0 _aLinear analysis: an introductory course. (2nd ed.)
250 _a2nd ed.
260 _aCambridge
_bCambridge
_c1999
350 _a0.00
650 _aFUNCTIONAL ANALYSIS
995 _D0.00
_FCBU-MAIN LIBRARY (Kitwe)
_H1
_I21.00
_M1
_UAVAILABLE
_ZAnnex Low-Usage Collection
999 _c49312
_d49312